[Event "Ruhrgebiet Verbandsklasse Gruppe 2 1617"]
[Site "Germany"]
[Date "2016.12.18"]
[Round "5.2"]
[White "Spiess, Timo"]
[Black "Grewe, Ludger"]
[Result "1/2-1/2"]
[WhiteElo "2077"]
[BlackElo "2094"]
[PlyCount "80"]
[EventDate "2016.09.04"]
[EventType "team-tourn"]
[EventRounds "9"]
[EventCountry "GER"]
[SourceTitle "EXT 2022"]
[Source "ChessBase"]
[SourceDate "2021.10.06"]
[SourceVersion "1"]
[SourceVersionDate "2021.10.06"]
[SourceQuality "1"]
[WhiteTeam "Bochum SV II"]
[BlackTeam "Osterfeld Schwarze Dame"]
[WhiteTeamCountry "GER"]
[BlackTeamCountry "GER"]

1. e4 c5 2. Nf3 e6 3. c4 Nc6 4. Nc3 Nf6 5. Be2 d5 6. exd5 exd5 7. d4 dxc4 8. d5 Na5 9. Bxc4 Nxc4 10. Qa4+ Bd7 11. Qxc4 Be7 12. 0-0 0-0 13. a4 Bf5 14. Bf4 Bd6 15. Bg5 h6 16. Bh4 g5 17. Bg3 b6 18. a5 Rb8 19. axb6 axb6 20. Ne5 Rb7 21. Qa6 Bc8 22. Qc4 Re8 23. Rfe1 Rbe7 24. Nf3 Rxe1+ 25. Nxe1 Bxg3 26. hxg3 Bb7 27. Rd1 Re7 28. Nc2 Rd7 29. Ne3 Ne8 30. Nf5 Qf6 31. Qg4 Bc8 32. Ne4 Qg6 33. Qf3 Kh7 34. g4 Bb7 35. Qb3 Nf6 36. Nxf6+ Qxf6 37. Ne3 Kg8 38. Qb5 Qd8 39. Qb3 Qf6 40. Qb5 Qd8 1/2-1/2

[Event "Ruhrgebiet Verbandsklasse Gruppe 3 1415"]
[Site "Germany"]
[Date "2015.03.29"]
[Round "8.5"]
[White "Grewe, Ludger"]
[Black "Lombardi, Marco"]
[Result "1-0"]
[WhiteElo "2075"]
[BlackElo "1901"]
[PlyCount "79"]
[EventDate "2014.09.21"]
[EventType "team-tourn"]
[EventRounds "9"]
[EventCountry "GER"]
[SourceTitle "EXT 2022"]
[Source "ChessBase"]
[SourceDate "2021.10.06"]
[SourceVersion "1"]
[SourceVersionDate "2021.10.06"]
[SourceQuality "1"]
[WhiteTeam "Osterfeld Schwarze Dame"]
[BlackTeam "Haltern"]
[WhiteTeamCountry "GER"]
[BlackTeamCountry "GER"]

1. e4 c5 2. Nf3 d6 3. d4 cxd4 4. Nxd4 Nf6 5. Nc3 a6 6. Bg5 e5 7. Nb3 Be7 8. Qd2 Be6 9. Be2 Nbd7 10. f4 Rc8 11. 0-0 0-0 12. Bf3 h6 13. Bxf6 Nxf6 14. Rad1 b5 15. Rfe1 Qc7 16. Kh1 Rfd8 17. Nd5 Nxd5 18. exd5 Bf5 19. c3 exf4 20. Nd4 Bg6 21. Qxf4 Bg5 22. Qg3 Re8 23. Bg4 Rcd8 24. Bf5 Bh5 25. Rxe8+ Rxe8 26. Re1 Rxe1+ 27. Qxe1 g6 28. Bh3 Bf6 29. g4 Bxd4 30. cxd4 Qd7 31. Qg3 Qe7 32. gxh5 Qe4+ 33. Qg2 Qe1+ 34. Qg1 Qh4 35. Bg4 Qg5 36. hxg6 Qxd5+ 37. Qg2 Qxd4 38. Bf3 f5 39. g7 Qxg7 40. b4 1-0

[Event "Ruhrgebiet Verbandsklasse Gruppe 3 1415"]
[Site "Germany"]
[Date "2015.02.08"]
[Round "6.4"]
[White "Lenz, Guntram"]
[Black "Grewe, Ludger"]
[Result "1-0"]
[WhiteElo "1908"]
[BlackElo "2075"]
[PlyCount "49"]
[EventDate "2014.09.21"]
[EventType "team-tourn"]
[EventRounds "9"]
[EventCountry "GER"]
[SourceTitle "EXT 2022"]
[Source "ChessBase"]
[SourceDate "2021.10.06"]
[SourceVersion "1"]
[SourceVersionDate "2021.10.06"]
[SourceQuality "1"]
[WhiteTeam "Boenen SV"]
[BlackTeam "Osterfeld Schwarze Dame"]
[WhiteTeamCountry "GER"]
[BlackTeamCountry "GER"]

1. d4 Nf6 2. c4 g6 3. Nc3 Bg7 4. e4 d6 5. h3 0-0 6. Bg5 c5 7. d5 e6 8. Bd3 exd5 9. cxd5 Re8 10. Nf3 h6 11. Bf4 Na6 12. 0-0 Nc7 13. a4 g5 14. Nxg5 hxg5 15. Bxg5 Qd7 16. Qf3 Nh7 17. Bf4 Be5 18. Bh6 Qe7 19. Qh5 Nf8 20. f4 Bd4+ 21. Kh1 Rd8 22. e5 f5 23. Rf3 Nh7 24. Qg6+ Kh8 25. Rg3 1-0

[Event "Ruhrgebiet Verbandsklasse Gruppe 3 1415"]
[Site "Germany"]
[Date "2015.01.18"]
[Round "5.5"]
[White "Lauche, Christoph"]
[Black "Grewe, Ludger"]
[Result "0-1"]
[WhiteElo "1913"]
[BlackElo "2075"]
[PlyCount "65"]
[EventDate "2014.09.21"]
[EventType "team-tourn"]
[EventRounds "9"]
[EventCountry "GER"]
[SourceTitle "EXT 2022"]
[Source "ChessBase"]
[SourceDate "2021.10.06"]
[SourceVersion "1"]
[SourceVersionDate "2021.10.06"]
[SourceQuality "1"]
[WhiteTeam "Dortmund FS"]
[BlackTeam "Osterfeld Schwarze Dame"]
[WhiteTeamCountry "GER"]
[BlackTeamCountry "GER"]

1. e4 e6 2. d4 d5 3. Nc3 Bb4 4. Bd2 dxe4 5. Qg4 Nf6 6. Qxg7 Rg8 7. Qh6 Qxd4 8. 0-0-0 Ng4 9. Qh4 Qf6 10. Qxh7 Rh8 11. Qxe4 Nxf2 12. Qxb4 Nxd1 13. Bb5+ c6 14. Nf3 Nxc3 15. Bxc3 Qh6+ 16. Bd2 Qf8 17. Qc3 Rh5 18. Be2 Nd7 19. Rf1 Qg8 20. Qe3 Qxg2 21. Rg1 Qh3 22. Qf4 e5 23. Rg8+ Ke7 24. Qe3 b6 25. Bc3 Bb7 26. Rg3 Qe6 27. b3 Rah8 28. Bc4 Qh6 29. Ng5 f6 30. Be6 Rxg5 31. Bg4 Rxg4 32. Qxh6 Rxh6 33. Rxg4 0-1

[Event "Ruhrgebiet Verbandsklasse Gruppe 3 1415"]
[Site "Germany"]
[Date "2014.10.19"]
[Round "2.4"]
[White "Eusgeld, Michael"]
[Black "Grewe, Ludger"]
[Result "0-1"]
[WhiteElo "1751"]
[BlackElo "2084"]
[PlyCount "58"]
[EventDate "2014.09.21"]
[EventType "team-tourn"]
[EventRounds "9"]
[EventCountry "GER"]
[SourceTitle "EXT 2022"]
[Source "ChessBase"]
[SourceDate "2021.10.06"]
[SourceVersion "1"]
[SourceVersionDate "2021.10.06"]
[SourceQuality "1"]
[WhiteTeam "Holsterhausen SK II"]
[BlackTeam "Osterfeld Schwarze Dame"]
[WhiteTeamCountry "GER"]
[BlackTeamCountry "GER"]

1. e4 c5 2. Nf3 e6 3. d4 cxd4 4. Nxd4 Nf6 5. Nc3 d6 6. Be2 Be7 7. 0-0 0-0 8. Be3 a6 9. a4 Qc7 10. Qd2 Nbd7 11. f3 b6 12. Rfb1 Bb7 13. b4 Rac8 14. Nd1 d5 15. exd5 Nxd5 16. Bf2 Bd6 17. g3 Ne5 18. b5 a5 19. Nc6 Nxc6 20. bxc6 Qxc6 21. c4 Nb4 22. Ne3 Rfd8 23. Qb2 Bc5 24. Rd1 Rxd1+ 25. Nxd1 Rd8 26. Qc3 f6 27. Nb2 e5 28. Nd3 Nxd3 29. Bxd3 Bxf2+ 0-1

[Event "Ruhrgebiet VK3 1213"]
[Site "Nordrheinwestfalen"]
[Date "2012.10.28"]
[Round "3.2"]
[White "Dahlhaus, Friedhelm"]
[Black "Grewe, Ludger"]
[Result "0-1"]
[WhiteElo "1974"]
[BlackElo "2079"]
[PlyCount "80"]
[EventDate "2012.09.02"]
[EventType "team-tourn"]
[EventRounds "9"]
[EventCountry "GER"]
[SourceTitle "EXT 2020"]
[Source "ChessBase"]
[SourceDate "2019.10.17"]
[SourceVersion "1"]
[SourceVersionDate "2019.10.17"]
[SourceQuality "1"]
[WhiteTeam "Wacker Bergeborbeck"]
[BlackTeam "Osterfeld Schwarze Dame"]
[WhiteTeamCountry "GER"]
[BlackTeamCountry "GER"]

1. e4 e6 2. d4 d5 3. Nd2 Nf6 4. e5 Nfd7 5. Bd3 c5 6. c3 Nc6 7. Ne2 Qb6 8. Nf3 cxd4 9. cxd4 f6 10. exf6 Nxf6 11. 0-0 Bd6 12. Rb1 Bd7 13. Bf4 Nb4 14. Ne5 0-0 15. Re1 Be8 16. a3 Nxd3 17. Nxd3 Bg6 18. Bxd6 Qxd6 19. Nef4 Bf5 20. Rc1 g5 21. Nh5 Nxh5 22. Qxh5 Bxd3 23. Qxg5+ Bg6 24. Re5 Rf7 25. Rce1 Raf8 26. h4 Rg7 27. Rxe6 Qf4 28. Qxf4 Rxf4 29. Re7 Rgf7 30. Rxf7 Kxf7 31. Rc1 Rxh4 32. Rc7+ Ke6 33. Rxb7 Rxd4 34. Rxa7 Rd1+ 35. Kh2 Rd2 36. b4 Rxf2 37. b5 Be4 38. b6 Rxg2+ 39. Kh3 Rb2 40. b7 d4 0-1

[Event "Ruhrgebiet VK3 1213"]
[Site "Nordrheinwestfalen"]
[Date "2012.09.30"]
[Round "2.2"]
[White "Grewe, Ludger"]
[Black "Renn, Volker"]
[Result "1/2-1/2"]
[WhiteElo "2079"]
[BlackElo "1936"]
[PlyCount "90"]
[EventDate "2012.09.02"]
[EventType "team-tourn"]
[EventRounds "9"]
[EventCountry "GER"]
[SourceTitle "EXT 2020"]
[Source "ChessBase"]
[SourceDate "2019.10.17"]
[SourceVersion "1"]
[SourceVersionDate "2019.10.17"]
[SourceQuality "1"]
[WhiteTeam "Osterfeld Schwarze Dame"]
[BlackTeam "Horst Emscher II"]
[WhiteTeamCountry "GER"]
[BlackTeamCountry "GER"]

1. e4 e6 2. d4 d5 3. Nc3 Bb4 4. e5 c5 5. a3 Ba5 6. b4 cxd4 7. Nb5 Bc7 8. f4 Ne7 9. Nf3 Nbc6 10. Bd3 Bb8 11. 0-0 a6 12. Nbxd4 Ba7 13. Be3 Bd7 14. Qe1 Qc7 15. Kh1 Nxd4 16. Bxd4 Bxd4 17. Nxd4 Rc8 18. Qg3 Qc3 19. Ne2 Nf5 20. Qg4 Qd2 21. Rad1 Ne3 22. Qxg7 Nxd1 23. Qxh8+ Ke7 24. Qf6+ Ke8 25. f5 exf5 26. Bxf5 Bxf5 27. Rxf5 Rc6 28. Qxf7+ Kd8 29. Qf8+ Kc7 30. e6 Qxe2 31. e7 Qe1+ 32. Rf1 Re6 33. Qd8+ Kc6 34. e8Q+ Rxe8 35. Qf6+ Kb5 36. h3 Qe2 37. a4+ Kc4 38. Qf4+ Re4 39. Qc7+ Kxb4 40. Qxb7+ Kc3 41. Qb3+ Kd2 42. Qxd5+ Kxc2 43. Qf5 Kc3 44. Qc5+ Rc4 45. Qa3+ Kc2 1/2-1/2

[Event "Ruhrgebiet VK3 1112"]
[Site "Nordrheinwestfalen"]
[Date "2011.11.13"]
[Round "3"]
[White "Grewe, Ludger"]
[Black "Krimphoff, Ingo"]
[Result "1-0"]
[WhiteElo "2185"]
[BlackElo "1846"]
[PlyCount "115"]
[EventDate "2012.09.18"]
[EventType "team-tourn"]
[EventRounds "9"]
[EventCountry "GER"]
[SourceTitle "EXT 2020"]
[Source "ChessBase"]
[SourceDate "2019.10.17"]
[SourceVersion "1"]
[SourceVersionDate "2019.10.17"]
[SourceQuality "1"]
[WhiteTeam "Osterfeld Schwarze Dame"]
[BlackTeam "Germania Kupferdreh"]
[WhiteTeamCountry "GER"]
[BlackTeamCountry "GER"]

1. e4 c6 2. d4 d5 3. Nc3 dxe4 4. Nxe4 Bf5 5. Ng3 Bg6 6. h4 h6 7. Nf3 Nd7 8. h5 Bh7 9. Bd3 Bxd3 10. Qxd3 e6 11. Bd2 Ngf6 12. 0-0-0 Be7 13. Kb1 0-0 14. Ne4 c5 15. Be3 Qc7 16. Nxf6+ Nxf6 17. dxc5 Rfd8 18. Qc4 Rxd1+ 19. Rxd1 Rc8 20. b3 Nd5 21. Bd4 Bxc5 22. Be5 Qc6 23. Nd4 Bxd4 24. Qxc6 Rxc6 25. Rxd4 f6 26. Bb8 a6 27. c4 Nb6 28. Ba7 Nc8 29. Rd8+ Kh7 30. Be3 Nd6 31. Rd7 b5 32. c5 Ne4 33. b4 Nc3+ 34. Kb2 Nd5 35. Kb3 Kg8 36. Bd2 Kf8 37. g4 Ne7 38. Bf4 Ke8 39. Ra7 e5 40. Bd2 Kf8 41. a4 Nd5 42. Rb7 Nc7 43. Rb6 Re6 44. Be3 Ke7 45. axb5 axb5 46. Rb8 Kd7 47. Kc2 Re8 48. Rb6 Re6 49. Kd3 Rxb6 50. cxb6 Nd5 51. Bc5 Kc6 52. Ke4 Nf4 53. Kf5 Nd3 54. Bf8 Nxf2 55. Bxg7 Nd3 56. Bxf6 Nxb4 57. g5 e4 58. gxh6 1-0

[Event "Ruhrgebiet VK3 1112"]
[Site "Nordrheinwestfalen"]
[Date "2011.10.09"]
[Round "2.3"]
[White "Bergmann, Ricardo"]
[Black "Grewe, Ludger"]
[Result "0-1"]
[WhiteElo "1780"]
[BlackElo "2185"]
[PlyCount "60"]
[EventDate "2012.09.18"]
[EventType "team-tourn"]
[EventRounds "9"]
[EventCountry "GER"]
[SourceTitle "EXT 2020"]
[Source "ChessBase"]
[SourceDate "2019.10.17"]
[SourceVersion "1"]
[SourceVersionDate "2019.10.17"]
[SourceQuality "1"]
[WhiteTeam "Werl SC 1981"]
[BlackTeam "Osterfeld Schwarze Dame"]
[WhiteTeamCountry "GER"]
[BlackTeamCountry "GER"]

1. c4 e5 2. Nc3 Nf6 3. g3 c6 4. Bg2 d5 5. cxd5 cxd5 6. d3 Nc6 7. Nf3 d4 8. Ne4 Nxe4 9. dxe4 Bb4+ 10. Bd2 Bxd2+ 11. Qxd2 Be6 12. 0-0 0-0 13. Ng5 Bc4 14. Rfc1 Ba6 15. Nf3 Qe7 16. Ne1 Qe6 17. Nd3 b6 18. b4 Bc4 19. f4 b5 20. f5 Qe7 21. Rc2 a5 22. bxa5 f6 23. Nb2 Nxa5 24. Nxc4 Nb3 25. axb3 Rxa1+ 26. Kf2 bxc4 27. bxc4 Qc5 28. e3 Rd8 29. Bf1 dxe3+ 30. Qxe3 Rxf1+ 0-1

[Event "Ruhrgebiet VL1 0910"]
[Site "Germany"]
[Date "2009.12.06"]
[Round "4.1"]
[White "Hort, Vlastimil"]
[Black "Grewe, Ludger"]
[Result "1-0"]
[WhiteElo "2494"]
[BlackElo "2185"]
[PlyCount "85"]
[EventDate "2009.09.06"]
[EventType "team-tourn"]
[EventRounds "9"]
[EventCountry "GER"]
[SourceTitle "EXT 2011"]
[Source "ChessBase"]
[SourceDate "2010.11.26"]
[SourceVersion "1"]
[SourceVersionDate "2010.11.26"]
[SourceQuality "1"]
[WhiteTeam "Oberhausen"]
[BlackTeam "Osterfeld"]
[WhiteTeamCountry "GER"]
[BlackTeamCountry "GER"]

1. d4 Nf6 2. c4 g6 3. Nc3 Bg7 4. e4 d6 5. Nge2 0-0 6. Ng3 e5 7. d5 Nbd7 8. Be2 a5 9. Be3 Nc5 10. h4 c6 11. h5 cxd5 12. cxd5 Bd7 13. a4 Qb6 14. Bb5 Ng4 15. Nf1 f5 16. hxg6 hxg6 17. Bxd7 Nxe3 18. Nxe3 Qxb2 19. Nb5 Qb4+ 20. Kf1 Nxd7 21. exf5 Qf4 22. g3 Qg5 23. Nc7 Nc5 24. Nxa8 Rxa8 25. fxg6 Ne4 26. Qg4 Qxg4 27. Nxg4 Nc3 28. Kg2 Rc8 29. Ne3 Rc5 30. Nf5 Nxd5 31. Rh7 Bf6 32. Rd1 e4 33. Rxb7 Nf4+ 34. gxf4 Rxf5 35. Rxd6 Rxf4 36. Re6 Bg7 37. Re8+ Rf8 38. Rxf8+ Bxf8 39. Ra7 Bb4 40. Kg3 Be1 41. Kf4 Bxf2 42. Ra8+ Kg7 43. Kxe4 1-0

[Event "Ruhrgebiet VL1 0910"]
[Site "Germany"]
[Date "2009.10.04"]
[Round "2.1"]
[White "Kummerow, Heiko"]
[Black "Grewe, Ludger"]
[Result "0-1"]
[WhiteElo "2348"]
[BlackElo "2185"]
[PlyCount "126"]
[EventDate "2009.09.06"]
[EventType "team-tourn"]
[EventRounds "9"]
[EventCountry "GER"]
[SourceTitle "EXT 2011"]
[Source "ChessBase"]
[SourceDate "2010.11.26"]
[SourceVersion "1"]
[SourceVersionDate "2010.11.26"]
[SourceQuality "1"]
[WhiteTeam "Laeufer Ost"]
[BlackTeam "Osterfeld"]
[WhiteTeamCountry "GER"]
[BlackTeamCountry "GER"]

1. d4 Nf6 2. c4 g6 3. Nc3 Bg7 4. Nf3 0-0 5. Bg5 c5 6. e3 Qa5 7. Qd2 d6 8. Be2 Nc6 9. 0-0 Bf5 10. Rfd1 Rac8 11. d5 Ne5 12. Ne1 Qb4 13. b3 h6 14. Bh4 g5 15. Bg3 Ng6 16. Rac1 h5 17. f3 Bd7 18. Nd3 Qb6 19. e4 Nh7 20. Bf2 Qd8 21. Rb1 Ne5 22. Nxe5 Bxe5 23. Bd3 f6 24. a3 Qa5 25. Be1 Qxa3 26. Qc2 Qa6 27. Ne2 Kf7 28. Kh1 h4 29. Qd2 Rh8 30. Bf2 Nf8 31. Rdc1 Ng6 32. Be3 b6 33. Rc2 Qb7 34. b4 Qc7 35. Ra2 Rb8 36. Rb3 cxb4 37. Qxb4 Nf4 38. Bxf4 gxf4 39. Rba3 Rb7 40. Qd2 b5 41. Nxf4 bxc4 42. Bc2 Qb6 43. h3 Bxf4 44. Qxf4 Qf2 45. e5 Qe1+ 46. Kh2 Qxe5 47. Qxe5 fxe5 48. Rxa7 Rhb8 49. Rxb7 Rxb7 50. Be4 Rc7 51. g3 hxg3+ 52. Kxg3 Kf6 53. h4 Bf5 54. h5 c3 55. Bxf5 Kxf5 56. Rc2 Kg5 57. f4+ exf4+ 58. Kf3 Rc4 59. Ke2 Kxh5 60. Kd3 Rc5 61. Ke4 Kg4 62. Rg2+ Kh3 63. Rc2 Kg3 0-1

[Event "Ruhrgebiet VL1 0910"]
[Site "Germany"]
[Date "2009.09.06"]
[Round "1.1"]
[White "Grewe, Ludger"]
[Black "Boehm, Joachim"]
[Result "1/2-1/2"]
[WhiteElo "2185"]
[BlackElo "2211"]
[PlyCount "59"]
[EventDate "2009.09.06"]
[EventType "team-tourn"]
[EventRounds "9"]
[EventCountry "GER"]
[SourceTitle "EXT 2011"]
[Source "ChessBase"]
[SourceDate "2010.11.26"]
[SourceVersion "1"]
[SourceVersionDate "2010.11.26"]
[SourceQuality "1"]
[WhiteTeam "Osterfeld"]
[BlackTeam "Horst Emscher"]
[WhiteTeamCountry "GER"]
[BlackTeamCountry "GER"]

1. e4 c6 2. d4 d5 3. Nc3 dxe4 4. Nxe4 Nd7 5. Bc4 Ngf6 6. Ng5 e6 7. Qe2 Nb6 8. Bb3 Bd6 9. N1f3 0-0 10. 0-0 Qc7 11. Bd2 c5 12. dxc5 Bxc5 13. Bc3 Nbd5 14. Be5 Bd6 15. Bxd6 Qxd6 16. Rad1 h6 17. Ne4 Qc7 18. Nxf6+ Nxf6 19. Qe5 Qxe5 20. Nxe5 b6 21. Rd4 Bb7 22. Rfd1 Rfc8 23. f3 Kf8 24. Kf2 Ke7 25. c4 Bc6 26. Nxc6+ Rxc6 27. Ba4 Rc7 28. b3 a6 29. b4 a5 30. Rb1 1/2-1/2

[Event "Duesseldorf Nord Cup 8th GrA"]
[Site "Duesseldorf"]
[Date "2008.08.03"]
[Round "4"]
[White "Grewe, Ludger"]
[Black "Becker, Andre"]
[Result "1-0"]
[WhiteElo "2118"]
[BlackElo "2125"]
[PlyCount "59"]
[EventDate "2008.08.01"]
[EventType "tourn"]
[EventRounds "5"]
[EventCountry "GER"]
[SourceTitle "EXT 2017"]
[Source "ChessBase"]
[SourceDate "2016.10.25"]
[SourceVersion "1"]
[SourceVersionDate "2016.10.25"]
[SourceQuality "1"]

1. e4 g6 2. d4 Bg7 3. Nc3 c5 4. d5 Nf6 5. e5 Ng8 6. f4 d6 7. Nf3 Bg4 8. Bb5+ Kf8 9. 0-0 Nh6 10. h3 Bxf3 11. Qxf3 Nf5 12. Bd3 h5 13. Bd2 Na6 14. a3 Nc7 15. Rae1 Qd7 16. b4 Rd8 17. bxc5 dxc5 18. Rb1 b6 19. Be4 f6 20. Qd3 Nd4 21. Bxg6 Nxd5 22. Nxd5 Qxd5 23. Rbd1 e6 24. Be4 Qd7 25. f5 exf5 26. exf6 fxe4 27. fxg7+ Kxg7 28. Qxe4 Qe6 29. Qh4 Qg6 30. Qe7+ 1-0

[Event "Ruhrgebiet VL1 0708"]
[Site "Germany"]
[Date "2008.03.09"]
[Round "7.2"]
[White "Grewe, Ludger"]
[Black "Strathoff, Martin"]
[Result "1-0"]
[WhiteElo "2208"]
[BlackElo "2026"]
[PlyCount "57"]
[EventDate "2007.09.02"]
[EventType "team"]
[EventRounds "9"]
[EventCountry "GER"]
[SourceTitle "EXT 2009"]
[Source "ChessBase"]
[SourceDate "2008.11.26"]
[SourceVersion "1"]
[SourceVersionDate "2008.11.26"]
[SourceQuality "1"]
[WhiteTeam "Osterfeld "]
[BlackTeam "Dortmund Brackel II"]
[WhiteTeamCountry "GER"]
[BlackTeamCountry "GER"]

1. e4 c5 2. Nf3 d6 3. d4 cxd4 4. Nxd4 Nf6 5. Nc3 a6 6. Bc4 e6 7. Bg5 Be7 8. Bb3 0-0 9. f4 Nc6 10. Qd2 h6 11. Bxf6 Bxf6 12. Nf3 Qa5 13. 0-0-0 Rd8 14. Ne2 b5 15. Ng3 b4 16. Qe2 Qc5 17. e5 dxe5 18. Ne4 Rxd1+ 19. Rxd1 Qe7 20. Nxf6+ Qxf6 21. fxe5 Qf4+ 22. Qd2 Qf5 23. Qd6 Qf4+ 24. Kb1 Na7 25. Qe7 Nb5 26. c4 bxc3 27. Rd8+ Kh7 28. Bc2+ g6 29. Qf8 1-0

[Event "Ruhrgebiet-ch"]
[Site "Muelheim"]
[Date "2007.06.09"]
[Round "6"]
[White "Grewe, Ludger"]
[Black "Kartsev, Alexandr"]
[Result "1-0"]
[WhiteElo "2155"]
[BlackElo "1866"]
[PlyCount "81"]
[EventDate "2007.06.01"]
[EventType "swiss"]
[EventRounds "7"]
[EventCountry "GER"]
[SourceTitle "EXT 2008"]
[Source "ChessBase"]
[SourceDate "2007.11.25"]
[SourceVersion "1"]
[SourceVersionDate "2007.11.25"]
[SourceQuality "1"]

1. e4 d5 2. exd5 Nf6 3. d4 Nxd5 4. c4 Nb6 5. Nf3 Bg4 6. c5 N6d7 7. Bc4 e6 8. h3 Bh5 9. g4 Bg6 10. Bg5 Be7 11. Bxe7 Qxe7 12. Nc3 Nc6 13. 0-0 0-0 14. Re1 Rad8 15. Nd5 Qe8 16. Nxc7 Qe7 17. Nd5 Qe8 18. Qa4 Ndb8 19. Nc7 Qd7 20. Nb5 a6 21. Nd6 Nxd4 22. Qd1 Nxf3+ 23. Qxf3 b6 24. b4 Qc7 25. Rac1 bxc5 26. bxc5 Nc6 27. Bxa6 Nd4 28. Qc3 Nc2 29. Red1 Ra8 30. Bd3 Na3 31. Bxg6 hxg6 32. Qd3 Rfd8 33. Rc3 Qa5 34. Rdc1 Rd7 35. Rb3 Kf8 36. Rcc3 Rda7 37. c6 Ke7 38. Nb7 Qc7 39. Rxa3 Rxa3 40. Rxa3 Rc8 41. Rc3 1-0

[Event "Duisburg Grossenbaum op"]
[Site "Duisburg"]
[Date "2005.05.16"]
[Round "7"]
[White "Grewe, Ludger"]
[Black "Harff, Wilfried"]
[Result "1/2-1/2"]
[WhiteElo "2255"]
[BlackElo "2202"]
[PlyCount "51"]
[EventDate "2005.05.13"]
[EventType "swiss"]
[EventRounds "7"]
[EventCountry "GER"]
[SourceTitle "EXT 2006"]
[Source "ChessBase"]
[SourceDate "2005.11.24"]
[SourceVersion "1"]
[SourceVersionDate "2005.11.24"]
[SourceQuality "1"]

1. e4 c5 2. Nf3 Nc6 3. d4 cxd4 4. Nxd4 d5 5. Bb5 dxe4 6. Nxc6 Qxd1+ 7. Kxd1 a6 8. Nc3 axb5 9. Nxb5 Bg4+ 10. Kd2 Rc8 11. Nca7 Rd8+ 12. Kc3 e5 13. h3 Be6 14. Be3 f5 15. Bb6 Rd7 16. Rhd1 Nf6 17. Nc7+ Kf7 18. Nab5 Nd5+ 19. Nxd5 Bxd5 20. Nc7 Bc6 21. Rxd7+ Bxd7 22. Rd1 Bc6 23. Nd5 h5 24. Ne3 g6 25. Nc4 Bg7 26. Rd2 1/2-1/2

[Event "Ruhrgebiet VL1 0405"]
[Site "Ruhrgebiet"]
[Date "2005.01.09"]
[Round "5.1"]
[White "Grewe, Ludger"]
[Black "Happel, Heiner"]
[Result "0-1"]
[WhiteElo "2139"]
[BlackElo "2223"]
[PlyCount "74"]
[EventDate "2004.09.12"]
[EventType "team"]
[EventRounds "9"]
[EventCountry "GER"]
[SourceTitle "EXT 2006"]
[Source "ChessBase"]
[SourceDate "2005.11.24"]
[SourceVersion "1"]
[SourceVersionDate "2005.11.24"]
[SourceQuality "1"]
[WhiteTeam "Osterfeld"]
[BlackTeam "Hamm 45/58"]
[WhiteTeamCountry "GER"]
[BlackTeamCountry "GER"]

1. e4 e5 2. Nf3 Nc6 3. Bb5 a6 4. Ba4 f5 5. d4 exd4 6. e5 Bc5 7. 0-0 Nge7 8. Re1 0-0 9. Bg5 h6 10. Bxe7 Qxe7 11. c3 dxc3 12. Nxc3 b5 13. Bb3+ Kh8 14. a4 Bb7 15. axb5 axb5 16. Rxa8 Bxa8 17. Nxb5 Bb6 18. Nc3 Qc5 19. Qe2 Nd4 20. Nxd4 Qxd4 21. Rd1 Qb4 22. Bd5 Bd4 23. Qc4 Qxc4 24. Bxc4 c5 25. e6 dxe6 26. Bxe6 Rb8 27. Ra1 Bc6 28. Nd1 Re8 29. Bc4 Re1+ 30. Bf1 Bb5 31. Nc3 Rxa1 32. Nxb5 Bxb2 33. g3 c4 34. Kg2 c3 35. Bd3 Ra5 36. Nc7 c2 37. Bxc2 Rc5 0-1

[Event "Ruhrgebiet VL1 0405"]
[Site "Ruhrgebiet"]
[Date "2004.11.28"]
[Round "4.1"]
[White "Wagner, Norbert"]
[Black "Grewe, Ludger"]
[Result "1-0"]
[WhiteElo "2015"]
[BlackElo "2139"]
[PlyCount "83"]
[EventDate "2004.09.12"]
[EventType "team"]
[EventRounds "9"]
[EventCountry "GER"]
[SourceTitle "EXT 2006"]
[Source "ChessBase"]
[SourceDate "2005.11.24"]
[SourceVersion "1"]
[SourceVersionDate "2005.11.24"]
[SourceQuality "1"]
[WhiteTeam "Brambauer"]
[BlackTeam "Osterfeld"]
[WhiteTeamCountry "GER"]
[BlackTeamCountry "GER"]

1. Nf3 Nf6 2. d4 g6 3. Bf4 Bg7 4. e3 0-0 5. Nbd2 d5 6. h3 c5 7. c3 cxd4 8. exd4 Nc6 9. Be2 Bf5 10. Ne5 Rc8 11. g4 Be6 12. Nd3 Nd7 13. Bg3 f6 14. f4 Bf7 15. f5 e6 16. fxe6 Bxe6 17. Nf4 Bf7 18. 0-0 Nb6 19. Bd3 Re8 20. Qf3 Qe7 21. Rfe1 Qf8 22. Qf2 Na5 23. Nb3 Nbc4 24. Nc5 Bh6 25. b4 b6 26. Nd7 Rxe1+ 27. Rxe1 Qd8 28. Nh5 Bg7 29. Nhxf6+ Bxf6 30. Nxf6+ Kg7 31. Bh4 Qd6 32. bxa5 Nxa5 33. Bg3 Qd8 34. Be5 Nc6 35. Nh5+ Kg8 36. Nf6+ Kg7 37. Nxh7+ Nxe5 38. Rxe5 Rxc3 39. Ng5 Qf6 40. Qd2 Rc7 41. Nxf7 Rxf7 42. Qe3 1-0

[Event "Ruhrgebiet VL1 0405"]
[Site "Ruhrgebiet"]
[Date "2004.11.07"]
[Round "3.1"]
[White "Grewe, Ludger"]
[Black "Eggenstein, Frank"]
[Result "1/2-1/2"]
[WhiteElo "2139"]
[BlackElo "1994"]
[PlyCount "58"]
[EventDate "2004.09.12"]
[EventType "team"]
[EventRounds "9"]
[EventCountry "GER"]
[SourceTitle "EXT 2006"]
[Source "ChessBase"]
[SourceDate "2005.11.24"]
[SourceVersion "1"]
[SourceVersionDate "2005.11.24"]
[SourceQuality "1"]
[WhiteTeam "Osterfeld"]
[BlackTeam "Laeufer Ost"]
[WhiteTeamCountry "GER"]
[BlackTeamCountry "GER"]

1. e4 e6 2. d4 d5 3. Nc3 Bb4 4. e5 Ne7 5. a3 Bxc3+ 6. bxc3 c5 7. Nf3 Bd7 8. a4 Qa5 9. Bd2 Nbc6 10. Bb5 Qc7 11. 0-0 Na5 12. Bd3 h6 13. h4 Nc4 14. Bc1 cxd4 15. cxd4 0-0-0 16. Ba3 Nxa3 17. Rxa3 Kb8 18. Qd2 Nc6 19. a5 Ka8 20. Re1 Rdg8 21. Bf1 Qd8 22. Rea1 g5 23. hxg5 hxg5 24. g4 f5 25. exf6 Qxf6 26. Bg2 Rg7 27. Rc3 Rf8 28. Rc5 Qf4 29. Qc3 Nb8 1/2-1/2

[Event "Ruhrgebiet-ch"]
[Site "Oberhausen"]
[Date "2004.06.19"]
[Round "6"]
[White "Gohla, Ulf"]
[Black "Grewe, Ludger"]
[Result "1/2-1/2"]
[WhiteElo "2081"]
[BlackElo "2167"]
[PlyCount "59"]
[EventDate "2004.06.10"]
[EventType "swiss"]
[EventRounds "7"]
[EventCountry "GER"]
[SourceTitle "EXT 2006"]
[Source "ChessBase"]
[SourceDate "2005.11.24"]
[SourceVersion "1"]
[SourceVersionDate "2005.11.24"]
[SourceQuality "1"]

1. d4 Nf6 2. c4 g6 3. Nc3 Bg7 4. e4 d6 5. f3 0-0 6. Be3 e5 7. d5 c6 8. Bd3 cxd5 9. cxd5 a6 10. Nge2 Nbd7 11. Rc1 Ne8 12. 0-0 f5 13. exf5 gxf5 14. Kh1 Ndf6 15. Na4 Bd7 16. Nb6 Rb8 17. Qc2 Nh5 18. b4 Kh8 19. a4 Qe7 20. b5 axb5 21. axb5 Qf7 22. Qa2 f4 23. Nxd7 Qxd7 24. Bb6 Bf6 25. Qa7 Rc8 26. Rxc8 Qxc8 27. Rc1 Qd7 28. Qb8 Rg8 29. Qc8 Qf7 30. Nc3 1/2-1/2